Apple Locations Around the World-Sudden Death - Statistics

General Stats
  • This quiz has been taken 19 times
  • The average score is 9 of 21
Answers on the Grid
Answers color-coded by a green-red scale on the quiz's grid according to % correct below.
USA
Canada
France
Spain
Colombia
Egypt
India
Japan
South Korea
UK
Saudi Arabia
Phillippines
Norway
UAE
China
Australia
Russia
Kazakhstan
Austria
Sweden
Turkiye
Italy
Malaysia
Portugal
Ireland
Germany
Switzerland
Mexico
New Zealand
Brazil
Poland
Ukraine
 
Answer Stats
Answer % Correct
Canada
100%
USA
100%
France
91%
Spain
91%
Japan
73%
South Korea
64%
UK
64%
Australia
55%
China
36%
India
36%
Italy
36%
UAE
36%
Austria
27%
Brazil
18%
Germany
18%
Malaysia
9%
Mexico
9%
Sweden
9%
Kazakhstan
0%
Switzerland
0%
Turkiye
0%
No matching quizzes found
Score Distribution
Percent of People with Each Score
Percentile by Number Answered
Your Score History
You have not taken this quiz